[Event "World Blitz Women 2017"]
[Site "Riyadh KSA"]
[Date "2017.12.29"]
[Round "8.29"]
[White "Cornette, Deimante"]
[Black "Berend, Elvira"]
[Result "0-1"]
[WhiteTitle "IM"]
[BlackTitle "WGM"]
[WhiteElo "2439"]
[BlackElo "2303"]
[WhiteFideId "12802859"]
[BlackFideId "4000510"]
[EventDate "2017.12.29"]

1. e4 e5 2. Nf3 Nc6 3. Bc4 Bc5 4. O-O Nf6 5. d3 d6 6. c3 a6 7. a4 Ba7 8. Na3 O-O
9. Bg5 h6 10. Bh4 Be6 11. Re1 Kh7 12. Ba2 Bxa2 13. Rxa2 Rg8 14. Nc4 Ne7 15. d4
exd4 16. cxd4 Ng6 17. Bg3 Re8 18. Qc2 Kg8 19. Raa1 d5 20. exd5 Qxd5 21. Nce5
Nxe5 22. Bxe5 Nd7 23. Qxc7 Nxe5 24. dxe5 Rad8 25. Qc3 Rc8 26. Qa3 Rc2 27. Rf1
Bc5 28. b4 Ba7 29. Rab1 Rec8 30. Qb3 Qxb3 31. Rxb3 Rxf2 32. Rbb1 Rxf3+ 33. Kh1
Rxf1+ 34. Rxf1 Bd4 35. g3 Bxe5 36. Rd1 Rc7 37. Kg2 f6 38. Kf3 Kf7 39. b5 axb5
40. axb5 Ke6 41. Rd8 Rc3+ 42. Kg2 Rb3 43. Rg8 f5 44. Re8+ Kf6 45. Rf8+ Kg6 46.
h4 h5 47. Re8 Rxb5 48. Re6+ Bf6 49. Kf3 Rb3+ 50. Kf4 Rb4+ 51. Kf3 b5 52. Rb6 Rb1
53. Ke2 b4 54. Kd2 b3 55. Kd3 b2 0-1

[Event "World Blitz Women 2017"]
[Site "Riyadh KSA"]
[Date "2017.12.29"]
[Round "8.30"]
[White "Tokhirjonova, Gulrukhbegim"]
[Black "Szczepkowska, Karina"]
[Result "1-0"]
[WhiteTitle "WGM"]
[BlackTitle "IM"]
[WhiteElo "2329"]
[BlackElo "2419"]
[WhiteFideId "14203626"]
[BlackFideId "1122681"]
[EventDate "2017.12.29"]

1. e4 e5 2. Nf3 Nc6 3. c3 d5 4. Bb5 f6 5. Qa4 Ne7 6. exd5 Qxd5 7. d4 e4 8. c4
Qd6 9. Nfd2 Qxd4 10. O-O Bd7 11. Nb3 Qe5 12. Nc3 a6 13. Be3 Rd8 14. Bxc6 Nxc6
15. Rad1 Bd6 16. g3 Nb4 17. Qa5 Qxa5 18. Nxa5 Rb8 19. Nxe4 Be5 20. f4 Bxb2 21.
Rb1 Ba3 22. Bc5 Bf5 23. Bxb4 Bxb4 24. Rxb4 Bxe4 25. Re1 f5 26. Rxb7 Rxb7 27.
Nxb7 Kf7 28. Nc5 Rb8 29. Nxe4 fxe4 30. Rxe4 Rb1+ 31. Kf2 Rb2+ 32. Re2 Rb4 33.
Rc2 Ke6 34. Ke3 Kf5 35. Kd4 Kg4 36. Kc5 Rb6 37. Rd2 Kh3 38. a4 h5 39. a5 Rg6 40.
f5 Rf6 41. Rf2 g6 42. Kd4 Rxf5 43. Re2 g5 44. c5 Rf1 45. Re5 Kxh2 46. Rxg5 Ra1
47. Rxh5+ Kxg3 48. c6 Rc1 49. Kd5 Kf4 50. Rh7 Ra1 51. Rxc7 Rxa5+ 52. Kd6 Ra1 53.
Ra7 Rd1+ 54. Ke6 Re1+ 55. Kd7 Rd1+ 56. Kc8 Ke5 57. Rxa6 Kd6 58. c7+ Kc5 59. Kb7
Rb1+ 60. Ka8 1-0

[Event "World Blitz Women 2017"]
[Site "Riyadh KSA"]
[Date "2017.12.29"]
[Round "8.31"]
[White "Gvetadze, Sofio"]
[Black "Zatonskih, Anna"]
[Result "0-1"]
[WhiteTitle "IM"]
[BlackTitle "IM"]
[WhiteElo "2289"]
[BlackElo "2452"]
[WhiteFideId "13601440"]
[BlackFideId "14101572"]
[EventDate "2017.12.29"]

1. e4 d5 2. exd5 Qxd5 3. Nc3 Qd6 4. d4 c6 5. Nf3 Bg4 6. g3 Bxf3 7. Qxf3 Qxd4 8.
Be3 Qb4 9. O-O-O Nf6 10. h3 Nbd7 11. g4 e6 12. g5 Nd5 13. Bd4 Qa5 14. Kb1 c5 15.
Nxd5 cxd4 16. Nf4 Bc5 17. Bc4 O-O-O 18. Nd3 Rhf8 19. Bb3 Bb6 20. h4 Qf5 21. Qe2
e5 22. f3 Kb8 23. Nb4 Nc5 24. Bc4 f6 25. gxf6 gxf6 26. Nd5 Rd6 27. Qd2 Qd7 28.
Nxb6 Rxb6 29. Qh6 Rc8 30. Rhg1 a5 31. Rg7 Qa4 32. Bb3 Qb4 33. Qxh7 a4 34. Rg8
Rxg8 35. Qxg8+ Ka7 36. h5 axb3 37. axb3 d3 38. cxd3 Nxb3 39. Qc4 Nd2+ 40. Rxd2
Qxd2 41. Qa4+ Ra6 0-1

[Event "World Blitz Women 2017"]
[Site "Riyadh KSA"]
[Date "2017.12.29"]
[Round "8.32"]
[White "Khukhashvili, Sopiko"]
[Black "Gara, Anita"]
[Result "1-0"]
[WhiteTitle "IM"]
[BlackTitle "IM"]
[WhiteElo "2312"]
[BlackElo "2367"]
[WhiteFideId "13602055"]
[BlackFideId "709751"]
[EventDate "2017.12.29"]

1. b4 e5 2. Bb2 Bxb4 3. Bxe5 Nf6 4. Nf3 Nc6 5. Bb2 d5 6. e3 O-O 7. a3 Bd6 8. c4
Re8 9. cxd5 Nxd5 10. Be2 Qe7 11. O-O Ne5 12. Nc3 Nf6 13. d4 Ng6 14. h3 c6 15.
Qc2 a5 16. Bd3 Bd7 17. Rfe1 Nh5 18. Ne4 Bc7 19. Nc5 Bc8 20. Bf5 b6 21. Bxc8
Raxc8 22. Nd3 Qd6 23. Nde5 Nxe5 24. dxe5 Qh6 25. g4 Re6 26. gxh5 Qxh5 27. Nh2
Qxh3 28. Qe4 Rg6+ 29. Kh1 h5 30. Rg1 Rxg1+ 31. Rxg1 Qe6 32. Qf4 Rd8 33. e4 Rd3
34. Qg5 g6 35. Bc1 Qc4 36. Qf6 Qxe4+ 37. f3 Qd5 38. Bh6 Bxe5 39. Qe7 Qd8 40. Qg5
Qxg5 41. Bxg5 Rxa3 42. f4 Bd6 43. Kg2 b5 44. Nf3 b4 45. Rd1 Bc5 46. Rd8+ Kg7 47.
Ne5 Ra2+ 48. Kf3 b3 49. Rd7 Rf2+ 50. Kg3 b2 51. Rxf7+ Kg8 52. Rb7 Bb4 53. Rb8+
Kg7 54. Rb7+ Kg8 55. Bf6 b1=Q 56. Rb8+ Bf8 57. Rxb1 a4 58. Kxf2 a3 59. Ke3 Bc5+
60. Kd3 a2 61. Ra1 h4 62. Kc4 Bd6 63. Rxa2 h3 64. Rh2 g5 65. fxg5 c5 66. Rxh3
Bxe5 67. Bxe5 Kf7 68. Kd5 c4 69. Rh6 Ke7 70. Rh7+ 1-0

[Event "World Blitz Women 2017"]
[Site "Riyadh KSA"]
[Date "2017.12.29"]
[Round "8.33"]
[White "Savina, Anastasia"]
[Black "Padmini, Rout"]
[Result "1-0"]
[WhiteTitle "IM"]
[BlackTitle "IM"]
[WhiteElo "2350"]
[BlackElo "2324"]
[WhiteFideId "4196872"]
[BlackFideId "5029295"]
[EventDate "2017.12.29"]

1. Nf3 c5 2. c4 Nc6 3. g3 e5 4. Nc3 g6 5. Bg2 Bg7 6. O-O Nge7 7. a3 d6 8. Ne1
Be6 9. d3 Qd7 10. Rb1 a5 11. Nd5 Rd8 12. Bg5 Bxd5 13. cxd5 Nb8 14. b4 axb4 15.
axb4 Na6 16. Nc2 O-O 17. Qd2 cxb4 18. Nxb4 Nc5 19. Rfc1 Ra8 20. Be3 Rfc8 21. d4
exd4 22. Bxd4 Bxd4 23. Qxd4 Nf5 24. Qf6 Qd8 25. Qxd8+ Rxd8 26. Nc2 Re8 27. Kf1
Ng7 28. Nd4 Nh5 29. Nb5 Red8 30. Nxd6 Rxd6 31. Rxc5 f5 32. e4 fxe4 33. Bxe4 Nf6
34. Bf3 Rad8 35. Rxb7 Nxd5 36. Bxd5+ Rxd5 37. Rcc7 Rd1+ 38. Kg2 R8d6 1-0

[Event "World Blitz Women 2017"]
[Site "Riyadh KSA"]
[Date "2017.12.29"]
[Round "8.34"]
[White "Munguntuul, Batkhuyag"]
[Black "Zozulia, Anna"]
[Result "1/2-1/2"]
[WhiteTitle "IM"]
[BlackTitle "IM"]
[WhiteElo "2397"]
[BlackElo "2316"]
[WhiteFideId "4900758"]
[BlackFideId "14102110"]
[EventDate "2017.12.29"]

1. e4 c5 2. Nf3 Nc6 3. d4 cxd4 4. Nxd4 e5 5. Nb5 d6 6. N1c3 a6 7. Na3 b5 8. Nd5
Nf6 9. Bg5 Be7 10. Bxf6 Bxf6 11. c3 O-O 12. Be2 Bg5 13. O-O f5 14. Bf3 Kh8 15.
Nc2 Ra7 16. a4 Be6 17. axb5 axb5 18. Rxa7 Nxa7 19. Ncb4 Qd7 20. Qe2 Nc8 21. Ra1
Ne7 22. Nxe7 Bxe7 23. exf5 Bxf5 24. Bc6 Qe6 25. Bxb5 Qg6 26. f3 e4 27. Nd5 Bh4
28. Rf1 Rb8 29. c4 h6 30. Nf4 Qf6 31. fxe4 Qd4+ 32. Kh1 Bxe4 33. b4 Bf6 34. Re1
Bf5 35. Ne6 Bxe6 36. Qxe6 Be5 37. Qh3 Rf8 38. c5 Qxb4 39. Rf1 Rxf1+ 40. Bxf1
Qxc5 41. Qf5 Qc1 42. g3 Qc6+ 43. Bg2 Qc1+ 44. Bf1 Qe3 45. Bd3 Qc1+ 46. Kg2 Qb2+
47. Kh3 Kg8 48. Bc4+ Kh8 49. Qf8+ Kh7 50. Bd3+ g6 51. Qf7+ Bg7 52. Qxg6+ Kg8 53.
Qe8+ Bf8 54. Qe6+ Kh8 55. Qf5 Qg7 56. Be4 Be7 57. Bd5 Bf8 58. Be4 Be7 59. Bd3
Bf8 60. g4 Be7 61. Kg2 Bf8 62. h4 Be7 63. Kh3 Bf8 64. g5 hxg5 65. hxg5 Be7 66.
Kg4 Qd4+ 67. Kh5 Qg7 68. Qc8+ Qf8 69. Qxf8+ Bxf8 70. Kg6 d5 71. Kf7 Bg7 72. Bf5 1/2-1/2

[Event "World Blitz Women 2017"]
[Site "Riyadh KSA"]
[Date "2017.12.29"]
[Round "8.35"]
[White "Ordaz Valdes, Lisandra Teresa"]
[Black "Hoang, Thi Bao Tram"]
[Result "1-0"]
[WhiteTitle "WGM"]
[BlackTitle "WGM"]
[WhiteElo "2414"]
[BlackElo "2410"]
[WhiteFideId "3506940"]
[BlackFideId "12401102"]
[EventDate "2017.12.29"]

1. d4 d5 2. c4 c6 3. e3 Nf6 4. Nc3 g6 5. Nf3 Bg7 6. Be2 O-O 7. O-O a6 8. a4 a5
9. Bd2 e6 10. Rb1 Re8 11. Na2 Ne4 12. Be1 b6 13. b4 axb4 14. Nxb4 Bd7 15. cxd5
cxd5 16. Bb5 Bxb5 17. axb5 Qd7 18. Qd3 Rc8 19. Ne5 Qe8 20. Nec6 Nd6 21. Bc3 Nd7
22. f3 Nc4 23. e4 Na3 24. Ra1 dxe4 25. fxe4 Ra4 26. Qd1 Rca8 27. Qb3 Nf6 28. d5
Nxb5 29. Rxa4 Rxa4 30. Bxf6 Ra3 31. Qb2 Bf8 32. Be5 exd5 33. Nxd5 Qxc6 34. Nf6+
Kg7 35. Nh5+ Kh6 36. Nf6 Qc5+ 37. Kh1 Re3 38. Bf4+ Kg7 39. Nd7+ Qc3 40. Qxc3+
Rxc3 41. Be5+ Kh6 42. Bxc3 Nxc3 43. Nxf8 b5 44. Nd7 b4 45. Nc5 Kg7 46. Rc1 Kf6
47. Nd3 Nxe4 48. Nxb4 Ke5 49. Kg1 f5 50. Nd3+ Kd4 51. Nf4 Ke5 52. g3 g5 53. Ne2
h5 54. Ra1 Nf6 55. Ra5+ Ke4 56. Nc3+ Kd3 57. Rxf5 1-0

[Event "World Blitz Women 2017"]
[Site "Riyadh KSA"]
[Date "2017.12.29"]
[Round "8.36"]
[White "Girya, Olga"]
[Black "Mamedjarova, Turkan"]
[Result "1-0"]
[WhiteTitle "WGM"]
[BlackTitle "WGM"]
[WhiteElo "2484"]
[BlackElo "2260"]
[WhiteFideId "4195752"]
[BlackFideId "13402005"]
[EventDate "2017.12.29"]

1. d4 d5 2. Nf3 Nf6 3. c4 e6 4. Nc3 c6 5. e3 Nbd7 6. a4 Bd6 7. Be2 O-O 8. O-O
dxc4 9. Nd2 Nb6 10. Nxc4 Nxc4 11. Bxc4 e5 12. h3 e4 13. f3 Bf5 14. fxe4 Bxe4 15.
Rxf6 Qxf6 16. Nxe4 Qg6 17. Nxd6 Qxd6 18. e4 c5 19. e5 Qc7 20. e6 fxe6 21. Bxe6+
Kh8 22. d5 Qg3 23. d6 Rf2 24. Bd5 Raf8 25. d7 Qd6 26. Bg5 Qxd7 27. Bf3 Qxd1+ 28.
Rxd1 Rxb2 29. Be7 Re8 30. Bxc5 b6 31. Bf2 h6 32. Rd7 Rc8 33. Bd4 Rg8 34. Bxb2 h5
35. Bd5 Rc8 36. Bxg7+ Kh7 37. Be5+ Kg6 38. Be4+ Kh6 39. Bf4# 1-0

[Event "World Blitz Women 2017"]
[Site "Riyadh KSA"]
[Date "2017.12.29"]
[Round "8.37"]
[White "Fataliyeva, Ulviyya"]
[Black "Sedina, Elena"]
[Result "1-0"]
[WhiteTitle "WGM"]
[BlackTitle "IM"]
[WhiteElo "2384"]
[BlackElo "2312"]
[WhiteFideId "13403052"]
[BlackFideId "812153"]
[EventDate "2017.12.29"]

1. e4 e6 2. Qe2 c5 3. Nf3 Nc6 4. g3 g6 5. Bg2 Bg7 6. O-O Nge7 7. c3 O-O 8. Rd1
e5 9. a3 a5 10. a4 d6 11. Na3 h6 12. Nb5 f5 13. d3 Be6 14. Nd2 f4 15. Nc4 Nc8
16. Kh1 Rf7 17. gxf4 exf4 18. d4 cxd4 19. cxd4 d5 20. Ne5 Nxe5 21. dxe5 d4 22.
Nxd4 Qe7 23. Qb5 Qd7 24. Qxd7 Rxd7 25. Bxf4 Bc4 26. Rac1 Nb6 27. Bh3 Re7 28. b3
Ba6 29. Be6+ Kh7 30. Rc5 Rae8 31. Bh3 Bxe5 32. Bxe5 Rxe5 33. Bg2 Rxc5 34. f4 Rd8
35. Bf3 Rc7 36. e5 Rcd7 37. e6 Rxd4 38. Rxd4 Rxd4 39. e7 Be2 40. e8=Q Bxf3+ 41.
Kg1 Rd7 42. Qe3 Bc6 43. Qxb6 Rd5 44. Kf2 Rf5 45. Ke3 h5 46. h4 Kg7 47. Qd8 Rd5
48. Qe7+ Kg8 49. Qf6 Kh7 50. Qf7+ Kh8 51. Qxg6 Bd7 1-0

[Event "World Blitz Women 2017"]
[Site "Riyadh KSA"]
[Date "2017.12.29"]
[Round "8.38"]
[White "Atalik, Ekaterina"]
[Black "Vijayalakshmi, Subbaraman"]
[Result "0-1"]
[WhiteTitle "IM"]
[BlackTitle "IM"]
[WhiteElo "2451"]
[BlackElo "2357"]
[WhiteFideId "4130189"]
[BlackFideId "5004098"]
[EventDate "2017.12.29"]

1. d4 Nf6 2. Nf3 e6 3. c4 b6 4. Bf4 Ba6 5. e3 Bb4+ 6. Nfd2 O-O 7. a3 Be7 8. b4
d5 9. b5 Bb7 10. Nc3 a6 11. bxa6 Nxa6 12. Be2 dxc4 13. O-O Nd5 14. Nxd5 exd5 15.
e4 b5 16. Qb1 c6 17. exd5 Qxd5 18. Be5 Qd7 19. Ne4 c5 20. dxc5 Nxc5 21. Rd1 Qc6
22. f3 Nxe4 23. fxe4 Bxa3 24. Bf3 Bc5+ 25. Kh1 Qb6 26. Rxa8 Rxa8 27. Qb2 f6 28.
Bg3 b4 29. Qe2 Ba6 30. e5 c3 31. Qe4 Rf8 32. exf6 Rxf6 33. Qe8+ Rf8 34. Bd5+ Kh8
35. Qh5 c2 36. Rc1 b3 37. Be4 Qh6 38. Qxc5 Qxc1+ 0-1

[Event "World Blitz Women 2017"]
[Site "Riyadh KSA"]
[Date "2017.12.29"]
[Round "8.39"]
[White "Ambartsumova, Karina"]
[Black "Galojan, Lilit"]
[Result "0-1"]
[WhiteTitle "WGM"]
[BlackTitle "IM"]
[WhiteElo "2359"]
[BlackElo "2300"]
[WhiteFideId "4166299"]
[BlackFideId "13301314"]
[EventDate "2017.12.29"]

1. d4 Nf6 2. Nf3 e6 3. Bf4 b6 4. e3 Bb7 5. Nbd2 Be7 6. h3 c5 7. c3 O-O 8. Bd3
Nc6 9. O-O d5 10. Ne5 Nxe5 11. Bxe5 Nd7 12. Bh2 f5 13. Nf3 a6 14. a4 c4 15. Bc2
b5 16. Ne5 Nxe5 17. Bxe5 b4 18. cxb4 Bxb4 19. Qh5 Bd6 20. Bxd6 Qxd6 21. g4 Qd7
22. Kg2 Qf7 23. Qxf7+ Rxf7 24. b3 a5 25. Kg3 Ba6 26. bxc4 Bxc4 27. Rab1 Bxf1 28.
Rxf1 Rb8 29. Bd3 fxg4 30. hxg4 Rb3 31. Rd1 Rc7 32. Bb5 Rf7 33. Rc1 Rb2 34. f4 g6
35. Rc8+ Kg7 36. Rc6 Re7 37. Ra6 Rb3 38. Kf3 h5 39. gxh5 gxh5 40. Rxa5 Kf6 41.
Ra8 Rh7 42. Rf8+ Ke7 43. Rc8 Kf6 44. Rf8+ Kg7 45. Re8 Kf7 46. Rc8 h4 47. Rc7+
Kg6 48. Be8+ Kh6 49. Rxh7+ Kxh7 50. Bd7 h3 51. Bxe6 h2 52. Kg2 Rxe3 53. Bxd5 Kg6
54. Kxh2 Kf5 55. a5 Ra3 56. Bc6 Kxf4 57. Kg2 Rxa5 58. Kf1 Ra2 59. d5 Rd2 60. Ke1
Ke3 61. Bb7 Rb2 0-1

[Event "World Blitz Women 2017"]
[Site "Riyadh KSA"]
[Date "2017.12.29"]
[Round "8.40"]
[White "Karavade, Eesha"]
[Black "Charkhalashvili, Inga"]
[Result "1/2-1/2"]
[WhiteTitle "IM"]
[BlackTitle "WGM"]
[WhiteElo "2384"]
[BlackElo "2355"]
[WhiteFideId "5012600"]
[BlackFideId "13601431"]
[EventDate "2017.12.29"]

1. Nf3 Nf6 2. c4 e6 3. g3 d5 4. b3 b6 5. Bg2 Bb7 6. Bb2 Be7 7. O-O O-O 8. e3 c5
9. Nc3 Nc6 10. cxd5 exd5 11. d4 Rc8 12. Rc1 Ba6 13. Re1 Nb4 14. Ne5 c4 15. a3
Nd3 16. Nxd3 cxd3 17. Bf1 Ne4 18. Bxd3 Nxc3 19. Rxc3 Rxc3 20. Bxc3 Bxd3 21. Qxd3
Bxa3 22. Ra1 Qd6 23. Qa6 Bb4 24. Bb2 h5 25. Rc1 Qd7 26. h4 Bd6 27. Kg2 g6 28.
Ba3 Bxa3 29. Qxa3 a5 30. Qa4 Qe6 31. Qb5 Rb8 32. Rc6 Qe4+ 33. Kg1 Qb1+ 34. Kh2
Qf5 35. Kg2 Qe4+ 36. Kg1 Qb1+ 37. Kh2 Qf5 38. Kg2 Qe4+ 1/2-1/2

[Event "World Blitz Women 2017"]
[Site "Riyadh KSA"]
[Date "2017.12.29"]
[Round "8.41"]
[White "Mammadova, Gulnar"]
[Black "Papp, Petra"]
[Result "1/2-1/2"]
[WhiteTitle "IM"]
[BlackTitle "WGM"]
[WhiteElo "2357"]
[BlackElo "2313"]
[WhiteFideId "13403508"]
[BlackFideId "739049"]
[EventDate "2017.12.29"]

1. e4 c5 2. Nf3 d6 3. Bb5+ Bd7 4. c4 g6 5. Nc3 Bg7 6. d4 cxd4 7. Nxd4 Nf6 8. h3
O-O 9. O-O a6 10. Bxd7 Qxd7 11. Be3 Rc8 12. Qe2 Nc6 13. Rac1 Nxd4 14. Bxd4 Rab8
15. b3 b5 16. cxb5 axb5 17. Rfd1 Qb7 18. Bxf6 Bxf6 19. Nd5 Bg7 20. a4 e6 21. Nf4
bxa4 22. Rxc8+ Rxc8 23. bxa4 Qc6 24. g3 Qxa4 25. Rxd6 Be5 26. Rd1 Bxf4 27. gxf4
Qc4 28. Qe3 Qc2 29. Rd7 Qc1+ 30. Kg2 Qxe3 31. fxe3 Kg7 32. e5 Rc1 33. Ra7 h5 34.
h4 Rc2+ 35. Kf3 Rd2 36. Rb7 Kf8 37. Ra7 Ke8 38. Rb7 Rd7 39. Rb8+ Ke7 40. Ra8 Rb7
41. Ra3 Kd7 42. Rd3+ Kc6 43. Rd6+ Kc5 44. Rd8 Kc4 45. Rd4+ Kc3 46. Rd8 Kc2 47.
Rd6 Rc7 48. Rd8 Kc3 49. Rd6 Kc4 50. Rd8 Kc5 51. Rd1 Kc6 52. Rd6+ Kb7 53. Rd8 Re7
54. Rd1 Kc7 55. Ke4 Kc8 56. Ra1 Rb7 57. Rc1+ Kd7 58. Rd1+ Ke7 59. Kf3 f6 60. Ra1
Kf7 61. Ra6 Rc7 62. Ra5 Rb7 63. exf6 Kxf6 64. Re5 Rb1 65. Ra5 Rh1 66. Kg3 Re1
67. Kf2 Rh1 68. Kg3 Rg1+ 69. Kh3 Re1 70. Re5 Rh1+ 71. Kg3 Rg1+ 72. Kh3 Rg4 73.
Re4 Rg1 74. Re5 Rh1+ 75. Kg3 Ra1 76. Kf3 Ra2 77. Kg3 1/2-1/2

[Event "World Blitz Women 2017"]
[Site "Riyadh KSA"]
[Date "2017.12.29"]
[Round "8.42"]
[White "Kovanova, Baira"]
[Black "Danielian, Elina"]
[Result "1-0"]
[WhiteTitle "WGM"]
[BlackTitle "GM"]
[WhiteElo "2367"]
[BlackElo "2413"]
[WhiteFideId "4164083"]
[BlackFideId "13300210"]
[EventDate "2017.12.29"]

1. Nf3 Nf6 2. g3 d5 3. Bg2 c6 4. d3 Bg4 5. O-O Nbd7 6. h3 Bh5 7. Nbd2 e5 8. e4
dxe4 9. dxe4 Bc5 10. Qe1 O-O 11. Nh4 Re8 12. Nf5 Qc7 13. Nb3 Bf8 14. Be3 a5 15.
a4 Red8 16. g4 Bg6 17. Rd1 Bb4 18. c3 Bf8 19. Qe2 Nb6 20. Rxd8 Qxd8 21. Rd1 Qc7
22. Nc5 Bxc5 23. Bxc5 Nxa4 24. Bd6 Qb6 25. Rd2 Nd7 1-0

[Event "World Blitz Women 2017"]
[Site "Riyadh KSA"]
[Date "2017.12.29"]
[Round "8.43"]
[White "Rapport, Jovana"]
[Black "Li, Ruofan"]
[Result "1-0"]
[WhiteTitle "WGM"]
[BlackTitle "IM"]
[WhiteElo "2299"]
[BlackElo "2351"]
[WhiteFideId "937266"]
[BlackFideId "8600643"]
[EventDate "2017.12.29"]

1. d4 Nf6 2. Nc3 d5 3. Bf4 c6 4. e3 Bf5 5. f3 h6 6. g4 Bh7 7. h4 e6 8. Bd3 Bxd3
9. cxd3 Bd6 10. Nge2 Bxf4 11. Nxf4 Nbd7 12. Qb3 Qb6 13. Kf2 Qxb3 14. axb3 Ke7
15. b4 a6 16. g5 Ne8 17. g6 f6 18. b5 Nd6 19. bxc6 bxc6 20. e4 dxe4 21. dxe4
Rhb8 22. Na4 Rb4 23. Ne2 Nc4 24. Ra2 Rab8 25. Rc1 R8b5 26. Nf4 Nb8 27. b3 Na5
28. Nc5 Nxb3 29. Nxb3 Rxb3 30. d5 exd5 31. exd5 cxd5 32. Rc7+ Nd7 33. Rxa6 d4
34. Raa7 Rb2+ 35. Kg3 Rd2 36. Rxd7+ Ke8 37. Rxg7 1-0

[Event "World Blitz Women 2017"]
[Site "Riyadh KSA"]
[Date "2017.12.29"]
[Round "8.44"]
[White "Mamedjarova, Zeinab"]
[Black "Enkhtuul, Altan-Ulzii"]
[Result "0-1"]
[WhiteTitle "WGM"]
[BlackTitle "WGM"]
[WhiteElo "2363"]
[BlackElo "2344"]
[WhiteFideId "13401521"]
[BlackFideId "4901444"]
[EventDate "2017.12.29"]

1. d4 Nf6 2. Nf3 g6 3. g3 Bg7 4. Bg2 O-O 5. O-O c5 6. c3 cxd4 7. cxd4 d5 8. Nc3
Nc6 9. h3 Ne4 10. Bf4 Nxc3 11. bxc3 b6 12. Qa4 Bb7 13. Rfd1 Na5 14. Nd2 Rc8 15.
Rac1 Ba6 16. e4 Bb7 17. c4 dxe4 18. Nxe4 Bxd4 19. Be5 Nc6 20. Ng5 Nxe5 21. Bxb7
Rc7 22. Bd5 e6 23. Rxd4 Qxg5 24. Rc3 exd5 25. f4 Qe7 26. fxe5 Qc5 27. Qd1 b5 28.
Kg2 dxc4 29. Re3 Re7 30. e6 Qc6+ 31. Kh2 Rxe6 32. Rf3 Rfe8 33. Rf2 Re1 34. Qf3
Qxf3 35. Rxf3 R8e2+ 0-1

[Event "World Blitz Women 2017"]
[Site "Riyadh KSA"]
[Date "2017.12.29"]
[Round "8.47"]
[White "Zimina, Olga"]
[Black "Albzoor, Anwar"]
[Result "1-0"]
[WhiteTitle "IM"]
[BlackTitle "WFM"]
[WhiteElo "2415"]
[BlackElo "1595"]
[WhiteFideId "4132190"]
[BlackFideId "11500522"]
[EventDate "2017.12.29"]

1. Nf3 Nf6 2. c4 c5 3. Nc3 e6 4. d4 cxd4 5. Nxd4 d5 6. cxd5 Nxd5 7. e3 Be7 8.
Bb5+ Bd7 9. Nxd5 exd5 10. Bxd7+ Qxd7 11. O-O O-O 12. b3 Bf6 13. Bb2 Nc6 14. Qd2
Rac8 15. Rac1 Nxd4 16. Bxd4 Bxd4 17. Qxd4 a6 18. Rfd1 Rfd8 19. h3 h6 20. Rc5
Rxc5 21. Qxc5 Qc6 22. Qxc6 bxc6 23. Rc1 Rc8 24. Kf1 Kf8 25. Rc5 Ke7 26. b4 Kd6
27. Ke2 Rb8 28. a3 Rb5 29. Rc2 a5 30. bxa5 Rxa5 31. Rc3 c5 32. Kd3 Ra4 33. Kc2
g5 34. Kb3 Ra7 35. Rc1 Rb7+ 36. Kc3 c4 37. Ra1 Rb3+ 38. Kc2 Rb7 39. a4 Ra7 40.
Kc3 Kc5 41. Ra2 f5 42. g3 h5 43. Ra1 g4 44. h4 1-0

[Event "World Blitz Women 2017"]
[Site "Riyadh KSA"]
[Date "2017.12.29"]
[Round "8.48"]
[White "Bivol, Alina"]
[Black "Assaubayeva, Bibisara"]
[Result "1-0"]
[WhiteTitle "WGM"]
[BlackTitle "FM"]
[WhiteElo "2356"]
[BlackElo "2381"]
[WhiteFideId "4100123"]
[BlackFideId "13708694"]
[EventDate "2017.12.29"]

1. Nf3 Nf6 2. g3 g6 3. Bg2 Bg7 4. d4 O-O 5. O-O d6 6. Nc3 c5 7. dxc5 dxc5 8.
Qxd8 Rxd8 9. Ne5 Na6 10. Be3 Rb8 11. Rad1 Rxd1 12. Rxd1 Bf5 13. Rd2 b6 14. a3
Nc7 15. Nc6 Re8 16. h3 h5 17. Nxa7 Nd7 18. Bc6 Rd8 19. Na4 Kf8 20. Nxb6 Ke8 21.
c3 Be5 22. Bxc5 Bxh3 23. a4 Na6 24. Ba3 Nb8 25. Bb5 Bc7 26. Nd5 Bd6 27. Bxd6
exd6 28. a5 Kf8 29. a6 Nc5 30. Nb4 Bd7 31. Rxd6 Ke7 32. Rb6 Bxb5 33. Rxb5 Nbxa6
34. Nbc6+ Kd7 35. Nxd8 Kxd8 36. Nc6+ Kc7 37. Nd4 Kd6 38. b4 Na4 39. Ra5 1-0

[Event "World Blitz Women 2017"]
[Site "Riyadh KSA"]
[Date "2017.12.29"]
[Round "9.1"]
[White "Cramling, Pia"]
[Black "Dzagnidze, Nana"]
[Result "1-0"]
[WhiteTitle "GM"]
[BlackTitle "GM"]
[WhiteElo "2450"]
[BlackElo "2522"]
[WhiteFideId "1700030"]
[BlackFideId "13601903"]
[EventDate "2017.12.29"]

1. Nf3 Nf6 2. c4 e6 3. g3 b6 4. Bg2 Bb7 5. O-O Be7 6. d4 d5 7. cxd5 exd5 8. Nc3
O-O 9. Bf4 Nh5 10. Bd2 Nd7 11. Qb3 Nhf6 12. Rad1 Re8 13. Bf4 Bd6 14. Bxd6 cxd6
15. e3 Qe7 16. Rc1 Rec8 17. Rc2 Qe6 18. Rfc1 h6 19. Ne1 Ne4 20. Nd3 Ndf6 21. Nf4
Qe8 22. Ncxd5 Nxd5 23. Nxd5 Nd2 24. Rxc8 Rxc8 25. Rxc8 Qxc8 26. Ne7+ Kf8 27.
Nxc8 Nxb3 28. Bxb7 1-0

[Event "World Blitz Women 2017"]
[Site "Riyadh KSA"]
[Date "2017.12.29"]
[Round "9.2"]
[White "Goryachkina, Aleksandra"]
[Black "Gunina, Valentina"]
[Result "0-1"]
[WhiteTitle "WGM"]
[BlackTitle "GM"]
[WhiteElo "2486"]
[BlackElo "2510"]
[WhiteFideId "4147103"]
[BlackFideId "4167570"]
[EventDate "2017.12.29"]

1. e4 c6 2. d4 d5 3. Nc3 dxe4 4. Nxe4 Bf5 5. Ng3 Bg6 6. h4 h6 7. f4 e6 8. Nf3
Nd7 9. h5 Bh7 10. Bd3 Bxd3 11. Qxd3 Ngf6 12. Bd2 c5 13. O-O-O Qb6 14. f5 O-O-O
15. fxe6 fxe6 16. dxc5 Bxc5 17. Qb3 Qxb3 18. axb3 Bd6 19. Ne2 Nc5 20. Nc3 Rhe8
21. Nb5 Bb8 22. Be3 b6 23. Rxd8+ Rxd8 24. Nbd4 Ng4 25. Bd2 Rd5 26. c4 Rd6 27.
Kc2 e5 28. Nb5 Rd7 29. b4 Ne4 30. Nc3 Nxd2 31. Nxd2 Ne3+ 32. Kc1 Nxg2 33. Nde4
Nf4 34. c5 Rd4 35. cxb6 axb6 36. b5 Bc7 37. Kc2 Bd8 38. Ng3 Ne6 39. Nf5 Rf4 40.
Nd6+ Kd7 41. Nde4 Nd4+ 42. Kd3 Rf3+ 43. Kc4 Ke6 44. Rg1 Kf7 45. Nd6+ Kf8 46. Kd5
Rh3 47. Rf1+ Kg8 48. Nce4 Rxh5 49. Rg1 Be7 50. Ne8 Rh2 51. Nxg7 Nf3 52. Rg3 Ng5
53. Ne6 Rxb2 54. N6xg5 hxg5 55. Ke6 Bf8 56. Nf6+ Kg7 57. Rxg5+ Kh6 58. Rxe5 Bg7
59. Rh5+ Kg6 60. Rf5 Re2+ 61. Re5 Rxe5+ 62. Kxe5 0-1